Giải pháp tối đa hóa lợi nhuận từ sản xuất nông nghiệp của nông hộ trong khu vực có đê bao vùng lũ thuộc huyện Châu Phú, tỉnh An Giang : Luận văn Thạc sĩ. Ngành Phát triển Nông thôn

Luận văn nghiên cứu về tìm các tổ hợp tối đa hóa lợi nhuận từ sản xuất nông nghiệp của nông hộ. Từ đó, đề xuất các chính sách hỗ trợ sản xuất và tiêu thụ hiệu quả cho nông hộ trong khu vực có đê bao vùng lũ thuộc huyện Châu Phú,...

Full beskrivning

Sparad:
Bibliografiska uppgifter
Huvudupphovsman: Nguyễn, Tấn Tài
Materialtyp: Bok
Språk:Undetermined
Publicerad: Cần Thơ Trường Đại học Cần Thơ 2013
Ämnen:
Taggar: Lägg till en tagg
Inga taggar, Lägg till första taggen!
Thư viện lưu trữ: Trung tâm Học liệu Trường Đại học Cần Thơ
LEADER 01371nam a2200229Ia 4500
001 CTU_186096
008 210402s9999 xx 000 0 und d
082 |a 338.1 
082 |b T103 
088 |a 60620116 
100 |a Nguyễn, Tấn Tài 
245 0 |a Giải pháp tối đa hóa lợi nhuận từ sản xuất nông nghiệp của nông hộ trong khu vực có đê bao vùng lũ thuộc huyện Châu Phú, tỉnh An Giang : 
245 0 |b Luận văn Thạc sĩ. Ngành Phát triển Nông thôn 
245 0 |c Nguyễn Tấn Tài ; Lê Cảnh Dũng (người hướng dẫn) 
260 |a Cần Thơ 
260 |b Trường Đại học Cần Thơ 
260 |c 2013 
520 |a Luận văn nghiên cứu về tìm các tổ hợp tối đa hóa lợi nhuận từ sản xuất nông nghiệp của nông hộ. Từ đó, đề xuất các chính sách hỗ trợ sản xuất và tiêu thụ hiệu quả cho nông hộ trong khu vực có đê bao vùng lũ thuộc huyện Châu Phú, tỉnh An Giang. 
650 |a Nông nghiệp,Agriculture 
650 |x Khía cạnh kinh tế,Economic aspects 
904 |i Nguyễn Thị Thảo Trinh, Trúc 
980 |a Trung tâm Học liệu Trường Đại học Cần Thơ